Youtubeurs Français #1 - Statistiques

Statistiques générales
  • Ce quiz a été pris 502 fois
  • Le résultat moyen est 8 sur 16
Statistiques - réponses
Par images Réponse % Correct
Michou
97%
Inoxtag
96%
Squeezie
96%
Cyprien
94%
Norman
91%
Natoo
89%
Palmashow
50%
Feldup
47%
Choss
24%
Doc Seven
18%
Nicolux
16%
Ivan Bédé
15%
Didi Chandouidoui
13%
Leo Succulent
13%
Koda
4%
Genox
2%
Aucun quiz correspondant
Distribution des résultats
% des personnes avec chaque résultat
Percentile par nombre de réponses
Votre historique - résultats
Vous n’avez pas pris ce quiz